banner-ar

دلائل النبوة ومعجزات الرسول صلى الله عليه وسلم / (Record no. 34581)

MARC details
000 -الفاتح
حقل البيانات ثابتة الطول 00595nam a2200181Ia 4500
005 - وقت وتاريخ اخر تعامل مع التسجيلة
رقم الضبط 20240530102757.0
008 - عناصر البيانات ثابتة الطول - معلومات عامة
حقل البيانات ثابتة الطول 140319s9999 xx 000 0 ara d
040 ## - مصدر الفهرسة
وكالة الفهرسة الأصلية GCL /
وكالة النسخ GCL
082 04 - رقم تصنيف ديوى العشرى
رقم التصنيف 239\
رقم المادة ع د
100 1# - المدخل الرئيسى - إسم شخصى
الإسم الشخصى عبدالحليم محمود
245 10 - بيان العنوان
العنوان دلائل النبوة ومعجزات الرسول صلى الله عليه وسلم /
بيان المسئوليه,etc عبدالحليم محمود
260 ## - PUBLICATION, DISTRIBUTION, ETC. (IMPRINT)
تاريخ النشر أو التوزيع 1984
300 ## - الوصف المادى
التعداد 374 ص
650 04 - المدخل الاضافى بالموضوع-مصطلح موضوعى
مصطلح موضوعي الاسلام
650 04 - المدخل الاضافى بالموضوع-مصطلح موضوعى
مصطلح موضوعي السيرة النبوية
942 ## - عناصر المدخل الإضافي( كوها)
مصدر التصنيف او مخطط الترفيف Dewey Decimal Classification
Koha [default] item type كتاب
260 ## - PUBLICATION, DISTRIBUTION, ETC. (IMPRINT)
-- [S.N] :
-- دار الشعب للطباعة والنشر ،
Holdings
حالة التراجع حالة الفقد مصدر التصنيف او خطة الترفيف حالة تلف ليس للاعارة المكان المؤقت الموقع الحالى تاريخ الاكتساب اجمالي اﻻعارات رقم الطلب الباركود تاريخ اخر مشاهدة تاريخ تفعيل السعر نوع وعاء كوها موقع الترفيف
    ddc     مكتبة القاهرة الكبرى مكتبة القاهرة الكبرى 03/26/2014   239\ع د 82799 03/26/2014 03/26/2014 كتاب  
    ddc     مكتبة القاهرة الكبرى مكتبة القاهرة الكبرى 10/01/2019   239\ ع د 166545 10/01/2019 10/01/2019 كتاب القاعة الرئيسية

Powered By

EGPV